00400nam a2200181Ia 4500008004000000020001500040041000800055082001700063100002100080245002800101250000500129260003300134300001100167650000700178650001400185650001300199650000600212210210b2008 xxu||||| |||| 00| 0 eng d a8174462155 aeng a658.001 ADHB aADHIKARY (Manab) aBusiness economics Ed 2 a aNew DelhibExcel Booksc2008 aix,621 aEd aeconomics aBusiness a2